|
|
|
|
| LEADER |
01074nam a22002892a 4500 |
| 001 |
001265727 |
| 003 |
CZ BrMZK |
| 005 |
20121116134915.0 |
| 007 |
ta |
| 008 |
121116s1973 xr a er 001 0 cze d |
| 015 |
|
|
|a cnb000124790
|
| 035 |
|
|
|a (OCoLC)42127759
|
| 040 |
|
|
|a ABA001
|b cze
|c OLA001
|d ABA001
|d BOA001
|
| 080 |
9 |
|
|a 681.3.06(024)
|
| 100 |
1 |
|
|a Dvořák, Stanislav
|7 jn19981000879
|4 aut
|
| 245 |
1 |
0 |
|a Programování v jazyku COBOL /
|c Stanislav Dvořák, Marie Vosiková
|
| 250 |
|
|
|a 1. vyd.
|
| 260 |
|
|
|a Praha :
|b Státní nakladatelství technické literatury,
|c 1973
|f (ST 4)
|
| 300 |
|
|
|a 385 s. :
|b il. ;
|c 8° +
|e 1 příl.
|
| 500 |
|
|
|a 6200 výt.
|
| 504 |
|
|
|a Obsahuje bibliografii a rejstřík
|
| 700 |
1 |
|
|a Vosiková, Marie,
|d 1942-
|7 jk01150740
|4 aut
|
| 856 |
4 |
1 |
|u http://www.digitalniknihovna.cz/mzk/uuid/uuid:b52633a0-79d9-11e2-b930-005056827e51
|y Digitalizovaný dokument
|x NDK
|
| 910 |
|
|
|a BOA001
|b 2-0711.226
|
| 990 |
|
|
|a BK
|
| 991 |
|
|
|b 201211
|
| 996 |
7 |
|
|b 2619657142
|c 2-0711.226
|l Sklad H1
|r Sklad / do 24 hodin
|n 0
|h HS212
|w 001299930
|u 000010
|a 1
|e BOA001
|j MZK50
|s A
|